Word Biblical commentary : (Record no. 5192)
[ view plain ]
| 000 -LEADER | |
|---|---|
| fixed length control field | 01000nam a22002897a 4500 |
| 003 - CONTROL NUMBER IDENTIFIER | |
| control field | AUA.1 |
| 005 - DATE AND TIME OF LATEST TRANSACTION | |
| control field | 20250929174037.0 |
| 008 - FIXED-LENGTH DATA ELEMENTS--GENERAL INFORMATION | |
| fixed length control field | 111220t xxu||||| |||| 00| 0 eng d |
| 010 ## - LIBRARY OF CONGRESS CONTROL NUMBER | |
| LC control number | 8171768 |
| 020 ## - INTERNATIONAL STANDARD BOOK NUMBER | |
| International Standard Book Number | 0849902215 |
| 020 ## - INTERNATIONAL STANDARD BOOK NUMBER | |
| International Standard Book Number | 9780849902215 |
| 040 ## - CATALOGING SOURCE | |
| Transcribing agency | FF |
| 050 ## - LIBRARY OF CONGRESS CALL NUMBER | |
| Classification number | BS491.2 |
| Item number | .W67 1998 |
| 100 ## - MAIN ENTRY--PERSONAL NAME | |
| Personal name | Murphy, Roland |
| 9 (RLIN) | 18009 |
| 245 ## - TITLE STATEMENT | |
| Title | Word Biblical commentary : |
| Remainder of title | Proverbs / |
| Statement of responsibility, etc | Roland Murphy. |
| 260 ## - PUBLICATION, DISTRIBUTION, ETC. (IMPRINT) | |
| Place of publication, distribution, etc | Nashville : |
| Name of publisher, distributor, etc | Thomas Nelson, |
| Date of publication, distribution, etc | c1998. |
| 300 ## - PHYSICAL DESCRIPTION | |
| Extent | lxxv, 306 p. : |
| Dimensions | 24 cm. |
| 440 ## - SERIES STATEMENT/ADDED ENTRY--TITLE | |
| Title | Word Biblical commentary : |
| Number of part/section of a work | v.22 |
| 9 (RLIN) | 48956 |
| 504 ## - BIBLIOGRAPHY, ETC. NOTE | |
| Bibliography, etc | Include bibliography and index |
| 650 ## - SUBJECT ADDED ENTRY--TOPICAL TERM | |
| Form subdivision | Proverbs |
| General subdivision | Bible |
| Chronological subdivision | Commentary |
| 9 (RLIN) | 18010 |
| 700 ## - ADDED ENTRY--PERSONAL NAME | |
| Personal name | Metzger, Bruce M. |
| 9 (RLIN) | 18011 |
| Relator code | General ed. |
| 700 ## - ADDED ENTRY--PERSONAL NAME | |
| Personal name | Watts, John D. W. |
| Relator code | Old Testament ed. |
| 9 (RLIN) | 48957 |
| 700 ## - ADDED ENTRY--PERSONAL NAME | |
| Personal name | Watts, James W. |
| Relator code | Old Testament ed. |
| 9 (RLIN) | 48958 |
| 700 ## - ADDED ENTRY--PERSONAL NAME | |
| Personal name | Martin, Ralph P. |
| Relator code | New Testament ed. |
| 9 (RLIN) | 48959 |
| 700 ## - ADDED ENTRY--PERSONAL NAME | |
| Personal name | Losie, Lynn Allan |
| Relator code | New Testament ed. |
| 9 (RLIN) | 48960 |
| 942 ## - ADDED ENTRY ELEMENTS (KOHA) | |
| Source of classification or shelving scheme | Library of Congress Classification |
| Koha item type | Reference Book |
| Classification part | BS 491.2 |
| Item part | .W67 1998 |
| Withdrawn status | Lost status | Source of classification or shelving scheme | Damaged status | Not for loan | Collection code | Home library | Current library | Shelving location | Date acquired | Source of acquisition | Cost, normal purchase price | Serial Enumeration / chronology | Total Checkouts | Full call number | Barcode | Date last seen | Copy number | Cost, replacement price | Price effective from | Koha item type |
|---|---|---|---|---|---|---|---|---|---|---|---|---|---|---|---|---|---|---|---|---|
| Library of Congress Classification | Reference Shelves | Judith Thomas Library | Judith Thomas Library | Reference Books | 20/12/2011 | Donation, Biblical Research Institute | 25.00 | AUA006008 | BS 491.2 .W67 1998 | AUA006008 | 20/12/2011 | v.22 | 25.00 | 20/12/2011 | Reference Book | |||||
| Library of Congress Classification | Reference Shelves | Judith Thomas Library | Judith Thomas Library | Reference Books | 20/12/2011 | Donation, Biblical Research Institute | 25.00 | AUA006009 | BS 491.2 .W67 1998 | AUA006009 | 20/12/2011 | v.22 c.2 | 25.00 | 20/12/2011 | Reference Book |